| 000 | 01124cam a2200301 a 4500 | ||
|---|---|---|---|
| 005 | 20260322212027.0 | ||
| 008 | data | ||
| 010 | _a 2008941482 | ||
| 020 | _a9781592578696 (alk. paper) | ||
| 040 |
_aDLC _cDLC _dDLC |
||
| 043 | _an-us--- | ||
| 050 | 0 | 0 |
_aE178 _b.A959 2009 |
| 082 | 0 | 0 |
_a973 _222 |
| 092 | _a973 Axe 2009 | ||
| 100 | 1 |
_aAxelrod, Alan, _d1952- |
|
| 245 | 1 | 4 |
_aThe complete idiot's guide to American history / _cAlan Axelrod. |
| 246 | 3 | 0 | _aAmerican history |
| 250 | _a5th ed. | ||
| 260 |
_aIndianapolis, IN : _bAlpha Books, _c2009 |
||
| 300 |
_axxi, 408 p. : _bill. ; _c24 cm. |
||
| 490 | 0 | _aComplete idiot's guide series | |
| 500 | _aIncludes index. | ||
| 651 | 0 |
_aUnited States _xHistory. |
|
| 906 |
_a7 _bcbc _corignew _d2 _eepcn _f20 _gy-gencatlg |
||
| 925 | 0 |
_aacquire _b2 shelf copies _xpolicy default |
|
| 001 | data | ||
| 999 |
_c625 _d625 |
||